[Event "Madrid ch 2017-2018 Veteranos"]
[Site "Madrid ESP"]
[Date "2018.01.09"]
[Round "2.19"]
[White "Villodre Miranda, Juan Alonso"]
[Black "Hernandez Garcia, Carlos"]
[Result "0-1"]
[WhiteElo "1542"]
[BlackElo "1727"]
[PlyCount "62"]
[EventDate "2018.01.08"]
[EventType "swiss"]
[EventRounds "9"]
[EventCountry "ESP"]
[SourceTitle "Ajedrez en Madrid"]
[Source "lmi"]
[SourceDate "2018.01.08"]
[SourceVersion "1"]
[SourceVersionDate "2018.01.25"]
[SourceQuality "1"]

1. c4 Nf6 2. Nc3 g6 3. e4 d6 4. g3 Bg7 5. Bg2 c5 6. Nge2 Nc6 7. d3 O-O 8. O-O
a6 9. h3 Rb8 10. a4 e6 11. f4 Bd7 12. Rb1 Qc7 13. b3 Nd4 14. Nxd4 cxd4 15. Ne2
e5 16. f5 b5 17. axb5 axb5 18. Bg5 h6 19. Bxf6 Bxf6 20. g4 Bg5 21. Ng3 bxc4 22.
bxc4 Rxb1 23. Qxb1 Rb8 24. Qc2 Qa5 25. Rb1 Rb4 26. Rxb4 Qxb4 27. Qe2 Ba4 28.
Bf1 Qb1 29. Kg2 Bd1 30. Qe1 Bf3+ 31. Kf2 Be3+ 0-1

[Event "Madrid ch 2017-2018 Veteranos"]
[Site "Madrid ESP"]
[Date "2018.01.09"]
[Round "2.20"]
[White "Salgado Duarte, Pablo"]
[Black "Marivela Santos, Juan Carlos"]
[Result "1-0"]
[WhiteElo "1522"]
[BlackElo "1714"]
[PlyCount "129"]
[EventDate "2018.01.08"]
[EventType "swiss"]
[EventRounds "9"]
[EventCountry "ESP"]
[SourceTitle "Ajedrez en Madrid"]
[Source "lmi"]
[SourceDate "2018.01.08"]
[SourceVersion "1"]
[SourceVersionDate "2018.01.25"]
[SourceQuality "1"]

1. d4 Nf6 2. c4 e6 3. Nc3 Bb4 4. Bd2 c5 5. Nf3 cxd4 6. Nxd4 Nc6 7. e3 a6 8. Nf3
O-O 9. Bd3 Qc7 10. h3 Ne5 11. Nxe5 Qxe5 12. O-O b6 13. Be2 Bb7 14. Bf3 Bd6 15.
g3 Bxf3 16. Qxf3 Rab8 17. e4 Bc5 18. Bf4 Qh5 19. Qxh5 Nxh5 20. Bxb8 Rxb8 21.
Kg2 Bd4 22. Rac1 Rc8 23. b3 Nf6 24. Ne2 Bc5 25. f3 Ba3 26. Rcd1 e5 27. Nc3 b5
28. Nd5 bxc4 29. bxc4 Ne8 30. Nb6 Rc6 31. Nxd7 f6 32. c5 Bb2 33. Rd3 Bd4 34.
Rb1 Rc7 35. Nb8 Rxc5 36. Nxa6 Rc2+ 37. Kf1 Rxa2 38. Nb4 Rh2 39. Rdb3 Nd6 40.
Nc6 Bc5 41. Rb8+ Kf7 42. R8b2 Rh1+ 43. Kg2 Rxb1 44. Rxb1 h6 45. Nd8+ Ke7 46.
Nb7 Nxb7 47. Rxb7+ Kf8 48. Kf1 Be7 49. Ke2 Kf7 50. Kd3 g6 51. Kc4 Ke6 52. Rb6+
Bd6 53. Kb5 f5 54. Kc6 fxe4 55. fxe4 h5 56. Rb7 Be7 57. Rb8 Kf7 58. Kd5 Bf6 59.
Rb7+ Kg8 60. Ke6 Bg7 61. Rb8+ Kh7 62. Kf7 g5 63. Rb6 h4 64. g4 Bh6 65. Rg6 1-0

[Event "Madrid ch 2017-2018 Veteranos"]
[Site "Madrid ESP"]
[Date "2018.01.09"]
[Round "2.21"]
[White "Peña Marina, Jose Maria"]
[Black "Osuna Osuna, Francisco"]
[Result "0-1"]
[WhiteElo "1705"]
[BlackElo "1537"]
[PlyCount "70"]
[EventDate "2018.01.08"]
[EventType "swiss"]
[EventRounds "9"]
[EventCountry "ESP"]
[SourceTitle "Ajedrez en Madrid"]
[Source "lmi"]
[SourceDate "2018.01.08"]
[SourceVersion "1"]
[SourceVersionDate "2018.01.25"]
[SourceQuality "1"]

1. c4 f5 2. d4 e6 3. Nc3 d5 4. e3 c6 5. Nf3 Bd6 6. Be2 Nf6 7. O-O O-O 8. b3 Ne4
9. Bb2 g5 10. Nxe4 fxe4 11. Ne5 Nd7 12. f4 exf3 13. Rxf3 Nxe5 14. dxe5 Bc5 15.
Bd4 Rxf3 16. Bxf3 Qf8 17. Qd2 Bxd4 18. exd4 Qg7 19. c5 b6 20. Rc1 b5 21. Rf1 a6
22. Bg4 Ra7 23. Rf6 Re7 24. b4 h6 25. Bh5 Qh7 26. Bg6 Qg7 27. Qf2 Bd7 28. Bh5
Be8 29. Qf3 Bxh5 30. Qxh5 Kh7 31. Qh3 g4 32. Qd3+ Kh8 33. Rg6 Qh7 34. h3 Rg7
35. Rxh6 Qxh6 0-1

[Event "Madrid ch 2017-2018 Veteranos"]
[Site "Madrid ESP"]
[Date "2018.01.09"]
[Round "2.22"]
[White "Ghavami, Mahmoud"]
[Black "San Segundo Ortiz, Fernando"]
[Result "0-1"]
[WhiteElo "1516"]
[BlackElo "1692"]
[PlyCount "26"]
[EventDate "2018.01.08"]
[EventType "swiss"]
[EventRounds "9"]
[EventCountry "ESP"]
[SourceTitle "Ajedrez en Madrid"]
[Source "lmi"]
[SourceDate "2018.01.08"]
[SourceVersion "1"]
[SourceVersionDate "2018.01.25"]
[SourceQuality "1"]

1. b3 Nf6 2. Bb2 g6 3. e3 Bg7 4. Nf3 O-O 5. Be2 b6 6. d3 c5 7. Nbd2 Nc6 8. Ne4
Nxe4 9. Bxg7 Nxf2 10. Kxf2 Kxg7 11. Qd2 e6 12. h4 Qf6 13. Kg1 Qxa1+ 0-1

[Event "Madrid ch 2017-2018 Veteranos"]
[Site "Madrid ESP"]
[Date "2018.01.09"]
[Round "2.23"]
[White "Calderon Martin, Antonio"]
[Black "Perez Gonzalez, Eugenio"]
[Result "1-0"]
[WhiteElo "1665"]
[BlackElo "1518"]
[PlyCount "95"]
[EventDate "2018.01.08"]
[EventType "swiss"]
[EventRounds "9"]
[EventCountry "ESP"]
[SourceTitle "Ajedrez en Madrid"]
[Source "lmi"]
[SourceDate "2018.01.08"]
[SourceVersion "1"]
[SourceVersionDate "2018.01.25"]
[SourceQuality "1"]

1. e4 e5 2. Nf3 d6 3. d4 exd4 4. Nxd4 Nf6 5. Nc3 Be7 6. Bd3 O-O 7. O-O Nbd7 8.
Nf5 Ne5 9. Nxe7+ Qxe7 10. Nd5 Nxd5 11. exd5 Qh4 12. Be2 f5 13. f4 Ng6 14. b3
Bd7 15. g3 Qf6 16. Rb1 Rae8 17. Bb2 Qd8 18. Bf3 Re7 19. Qd4 b6 20. Rbe1 Rfe8
21. Re3 c5 22. dxc6 Bc8 23. Rfe1 Qc7 24. Rxe7 Rxe7 25. Rxe7 Qxe7 26. Qc3 Qc7
27. Qe3 Ne7 28. Qd4 Ng6 29. Ba3 Ba6 30. Bxd6 Qd8 31. c7 Qd7 32. c4 Ne7 33. b4
Nc8 34. Bd5+ Kh8 35. Be5 h6 36. b5 Nd6 37. bxa6 Nc8 38. Bxg7+ Qxg7 39. Qxg7+
Kxg7 40. Bb7 Ne7 41. c8=Q Nxc8 42. Bxc8 Kf6 43. Bd7 Kg6 44. Kf2 h5 45. h3 Kf6
46. Ke3 Kg6 47. Kd4 Kf6 48. Kd5 1-0

[Event "Madrid ch 2017-2018 Veteranos"]
[Site "Madrid ESP"]
[Date "2018.01.09"]
[Round "2.24"]
[White "Abad Martin-Camuñas, Luis"]
[Black "Martinez Pintor, Juan"]
[Result "0-1"]
[WhiteElo "1408"]
[BlackElo "1661"]
[PlyCount "46"]
[EventDate "2018.01.08"]
[EventType "swiss"]
[EventRounds "9"]
[EventCountry "ESP"]
[SourceTitle "Ajedrez en Madrid"]
[Source "lmi"]
[SourceDate "2018.01.08"]
[SourceVersion "1"]
[SourceVersionDate "2018.01.25"]
[SourceQuality "1"]

1. c4 c6 2. e4 d5 3. cxd5 cxd5 4. Bb5+ Bd7 5. Qa4 dxe4 6. Bxd7+ Qxd7 7. Qxe4
Nf6 8. Qe2 Nc6 9. Nf3 e6 10. O-O Bc5 11. Nc3 Nd4 12. Nxd4 Bxd4 13. Nb5 Bb6 14.
Qe5 O-O 15. b3 Rfd8 16. h3 Qd3 17. Nc3 Rac8 18. Qe2 Rxc3 19. Qxd3 Rcxd3 20. Re1
Ba5 21. Re3 Bxd2 22. Rxd3 Rxd3 23. Bxd2 Rxd2 0-1

[Event "Madrid ch 2017-2018 Veteranos"]
[Site "Madrid ESP"]
[Date "2018.01.09"]
[Round "2.25"]
[White "Martinez Martinez, Javier II"]
[Black "Prieto Gonzalez, Cesar"]
[Result "1-0"]
[WhiteElo "1644"]
[BlackElo "1515"]
[PlyCount "53"]
[EventDate "2018.01.08"]
[EventType "swiss"]
[EventRounds "9"]
[EventCountry "ESP"]
[SourceTitle "Ajedrez en Madrid"]
[Source "lmi"]
[SourceDate "2018.01.08"]
[SourceVersion "1"]
[SourceVersionDate "2018.01.25"]
[SourceQuality "1"]

1. d4 g6 2. e4 d6 3. Nf3 Nf6 4. Bd3 Bg7 5. O-O O-O 6. c3 e5 7. Bg5 h6 8. Be3
Nc6 9. d5 Ne7 10. Qc1 Kh7 11. h3 Nh5 12. g4 Nf6 13. Kg2 Qd7 14. Rh1 Nxg4 15.
hxg4 Qxg4+ 16. Kf1 Qxf3 17. Rg1 Ng8 18. Nd2 Qf6 19. Ke2 Qe7 20. Nf1 Nf6 21. f3
Nh5 22. Ng3 Nxg3+ 23. Rxg3 Rh8 24. Qg1 Bd7 25. Qg2 Rag8 26. Rh1 Qf6 27. Bg5 1-0

[Event "Madrid ch 2017-2018 Veteranos"]
[Site "Madrid ESP"]
[Date "2018.01.09"]
[Round "2.26"]
[White "Sierra Garcia, Ricardo"]
[Black "Martinez Miura, Enrique"]
[Result "0-1"]
[WhiteElo "1343"]
[BlackElo "1637"]
[PlyCount "46"]
[EventDate "2018.01.08"]
[EventType "swiss"]
[EventRounds "9"]
[EventCountry "ESP"]
[SourceTitle "Ajedrez en Madrid"]
[Source "lmi"]
[SourceDate "2018.01.08"]
[SourceVersion "1"]
[SourceVersionDate "2018.01.25"]
[SourceQuality "1"]

1. e4 e6 2. d4 d5 3. Nc3 dxe4 4. Nxe4 Nd7 5. Nf3 Be7 6. Bd3 Ngf6 7. O-O Nxe4 8.
Bxe4 Nf6 9. Bd3 O-O 10. Re1 b6 11. c3 Bb7 12. Ne5 c5 13. Be3 Nd5 14. Qc2 h6 15.
dxc5 Nxe3 16. Rxe3 Bxc5 17. Rd1 Qg5 18. Nf3 Qf6 19. Be4 Bxe3 20. Bxb7 Rab8 21.
Be4 Bc5 22. b4 Be7 23. Ne5 Qxe5 0-1

[Event "Madrid ch 2017-2018 Veteranos"]
[Site "Madrid ESP"]
[Date "2018.01.09"]
[Round "2.27"]
[White "Rodriguez Bachiller, Luis"]
[Black "Sanchez Lucena, Juan"]
[Result "1-0"]
[WhiteElo "1634"]
[BlackElo "1456"]
[PlyCount "93"]
[EventDate "2018.01.08"]
[EventType "swiss"]
[EventRounds "9"]
[EventCountry "ESP"]
[SourceTitle "Ajedrez en Madrid"]
[Source "lmi"]
[SourceDate "2018.01.08"]
[SourceVersion "1"]
[SourceVersionDate "2018.01.25"]
[SourceQuality "1"]

1. e4 e6 2. d4 d5 3. Nd2 dxe4 4. Nxe4 Nf6 5. Bg5 Be7 6. Nxf6+ Bxf6 7. Bxf6 Qxf6
8. Nf3 b6 9. Bb5+ c6 10. Bd3 h6 11. O-O Ba6 12. Bxa6 Nxa6 13. Ne5 Rc8 14. Qd3
Nb8 15. Rfe1 Nd7 16. Qa6 Qd8 17. Rad1 Rc7 18. c3 O-O 19. Qe2 Re8 20. Nc4 Nf8
21. Rd3 Rd7 22. Ne5 Rd6 23. Qh5 Re7 24. Rg3 f6 25. Nc4 Rd5 26. Qxh6 Nh7 27. Qc1
Qe8 28. Ree3 c5 29. Rd3 e5 30. dxe5 Rxd3 31. Rxd3 fxe5 32. Qd1 Qg6 33. Kf1 e4
34. Rd8+ Nf8 35. Qd5+ Qe6 36. Ke2 Qxd5 37. Rxd5 Kf7 38. Ke3 Nd7 39. Rxd7 Rxd7
40. Ne5+ Ke6 41. Nxd7 Kxd7 42. Kxe4 Ke6 43. f4 g6 44. g4 b5 45. f5+ gxf5+ 46.
gxf5+ Kf6 47. Kd5 1-0

[Event "Madrid ch 2017-2018 Veteranos"]
[Site "Madrid ESP"]
[Date "2018.01.09"]
[Round "2.28"]
[White "Perales Hernandez, Manuel"]
[Black "Perez Gonzalez, Jesus Miguel"]
[Result "0-1"]
[WhiteElo "1302"]
[BlackElo "1626"]
[PlyCount "90"]
[EventDate "2018.01.08"]
[EventType "swiss"]
[EventRounds "9"]
[EventCountry "ESP"]
[SourceTitle "Ajedrez en Madrid"]
[Source "lmi"]
[SourceDate "2018.01.08"]
[SourceVersion "1"]
[SourceVersionDate "2018.01.25"]
[SourceQuality "1"]

1. e4 d6 2. Bc4 e5 3. h3 Nf6 4. Nc3 Nbd7 5. g4 h6 6. d3 Be7 7. Nf3 c6 8. g5
hxg5 9. Nxg5 d5 10. exd5 cxd5 11. Nxd5 Nxd5 12. Qf3 N7f6 13. Bd2 a6 14. O-O-O
b5 15. Bb3 Bb7 16. Qg3 Qc7 17. Rhe1 O-O 18. Nf3 Nh5 19. Qh2 Bd6 20. Nxe5 f6 21.
f4 fxe5 22. fxe5 Bc5 23. Re4 Rf2 24. Qg1 Rxd2 25. d4 Rxd1+ 26. Kxd1 Bf8 27. Rh4
Qf7 28. Qg2 Ne3+ 29. Kd2 Nxg2 30. Bxf7+ Kxf7 31. Rxh5 Kg6 32. Rh8 Bb4+ 33. c3
Rxh8 34. cxb4 Rxh3 35. b3 Kf5 36. a4 Ke4 37. e6 Rd3+ 38. Kc2 Ne3+ 39. Kb2 Nd5
40. axb5 axb5 41. Ka3 Kxd4 42. e7 Nxe7 43. Kb2 Be4 44. Ka3 Kc3 45. Ka2 Rd8 0-1

[Event "Madrid ch 2017-2018 Veteranos"]
[Site "Madrid ESP"]
[Date "2018.01.09"]
[Round "2.29"]
[White "De Los Rios Camacho, Juan Antoni"]
[Black "Martin Rodriguez, Jose Luis"]
[Result "1-0"]
[WhiteElo "1624"]
[BlackElo "1302"]
[PlyCount "127"]
[EventDate "2018.01.08"]
[EventType "swiss"]
[EventRounds "9"]
[EventCountry "ESP"]
[SourceTitle "Ajedrez en Madrid"]
[Source "lmi"]
[SourceDate "2018.01.08"]
[SourceVersion "1"]
[SourceVersionDate "2018.01.25"]
[SourceQuality "1"]

1. e4 e6 2. d4 d5 3. exd5 exd5 4. Bd3 Nf6 5. Bg5 Be7 6. Ne2 O-O 7. O-O Re8 8.
Nd2 c6 9. c3 Nbd7 10. Qc2 Nf8 11. Rae1 h6 12. Bh4 Ng4 13. Bxe7 Rxe7 14. Nf3 Bd7
15. Ng3 Rxe1 16. Rxe1 Qc7 17. h3 Nf6 18. Ne5 Re8 19. Re3 c5 20. Nxd7 Rxe3 21.
Nxf6+ gxf6 22. fxe3 Qxg3 23. Qf2 Qxf2+ 24. Kxf2 Ne6 25. Bb5 c4 26. b3 a6 27.
Bd7 b6 28. Bc6 Nc7 29. e4 dxe4 30. Bxe4 cxb3 31. axb3 Nb5 32. Bd3 Nxc3 33. Bxa6
Ne4+ 34. Ke3 Nd6 35. Kf4 Kg7 36. Bc4 Kg6 37. Bd5 Kg7 38. Kg4 Kg6 39. Bc4 Kg7
40. Bd3 Kg8 41. Kh5 Kg7 42. g4 Ne8 43. Be4 Nd6 44. Bc6 Kh7 45. Bf3 Kg7 46. Be2
Kh7 47. Bd3+ Kg7 48. h4 Ne8 49. g5 fxg5 50. hxg5 hxg5 51. Kxg5 Nd6 52. Kf4 Kf6
53. Bc4 Ne8 54. Ke4 Nc7 55. b4 Ne8 56. Kd5 Ke7 57. Kc6 f5 58. Kxb6 Nd6 59. Bd3
f4 60. Kc6 Ke6 61. b5 Nxb5 62. Bxb5 f3 63. d5+ Ke7 64. Kc7 1-0

[Event "Madrid ch 2017-2018 Veteranos"]
[Site "Madrid ESP"]
[Date "2018.01.09"]
[Round "2.31"]
[White "Bellagamba, Pascal"]
[Black "Perez Ramos, Miguel Angel"]
[Result "1-0"]
[WhiteElo "1596"]
[BlackElo "1145"]
[PlyCount "71"]
[EventDate "2018.01.08"]
[EventType "swiss"]
[EventRounds "9"]
[EventCountry "ESP"]
[SourceTitle "Ajedrez en Madrid"]
[Source "lmi"]
[SourceDate "2018.01.08"]
[SourceVersion "1"]
[SourceVersionDate "2018.01.25"]
[SourceQuality "1"]

1. Nf3 e6 2. e4 Bc5 3. d4 Bb6 4. Bg5 Ne7 5. c3 h6 6. Bh4 d6 7. Bd3 a6 8. Nbd2
Qd7 9. O-O Ng6 10. Bg3 c5 11. Nc4 Bc7 12. e5 d5 13. Nd6+ Bxd6 14. exd6 f5 15.
Ne5 Nxe5 16. Bxe5 Qf7 17. dxc5 Nc6 18. Re1 Bd7 19. c4 d4 20. a3 Nxe5 21. Rxe5
g6 22. Qe2 Rd8 23. b4 Bc6 24. b5 axb5 25. Rxe6+ Kf8 26. Re7 Qf6 27. cxb5 Bd7
28. Re1 h5 29. Rxd7 Rxd7 30. Qe8+ Kg7 31. Qxd7+ Kh6 32. c6 Rh7 33. Qe6 Qg5 34.
d7 Qd2 35. Bxf5 Rg7 36. d8=Q 1-0

[Event "Madrid ch 2017-2018 Veteranos"]
[Site "Madrid ESP"]
[Date "2018.01.10"]
[Round "3.1"]
[White "Lorenzo Bailador, Alfredo"]
[Black "Elissalt Cardenas, Hector"]
[Result "0-1"]
[WhiteElo "2011"]
[BlackElo "2346"]
[PlyCount "84"]
[EventDate "2018.01.08"]
[EventType "swiss"]
[EventRounds "9"]
[EventCountry "ESP"]
[SourceTitle "Ajedrez en Madrid"]
[Source "lmi"]
[SourceDate "2018.01.08"]
[SourceVersion "1"]
[SourceVersionDate "2018.01.25"]
[SourceQuality "1"]

1. e4 Nf6 2. Nc3 e5 3. Nf3 d6 4. d4 Nbd7 5. Be2 c6 6. O-O Be7 7. Qd3 O-O 8. Re1
b5 9. a3 a6 10. Bg5 Qc7 11. Rad1 Re8 12. Bh4 Bf8 13. Bf1 Bb7 14. Bg3 c5 15.
dxe5 Nxe5 16. Nxe5 dxe5 17. Nd5 Nxd5 18. exd5 c4 19. Qf5 f6 20. f4 exf4 21.
Rxe8 Rxe8 22. Qxf4 Bc5+ 23. Kh1 Qxf4 24. Bxf4 Bxd5 25. Rxd5 Re1 26. g3 Rxf1+
27. Kg2 Rf2+ 28. Kh3 c3 29. b4 Bf8 30. Rd8 Kf7 31. Ra8 h5 32. Be3 Rxc2 33. Rxa6
Re2 34. Bd4 c2 35. Bb2 f5 36. Rb6 Be7 37. Rxb5 Rf2 38. Rb7 g5 39. g4 fxg4+ 40.
Kg3 Re2 41. a4 Ke6 42. Rb6+ Bd6+ 0-1

[Event "Madrid ch 2017-2018 Veteranos"]
[Site "Madrid ESP"]
[Date "2018.01.10"]
[Round "3.2"]
[White "Alvarez Abejon, Amilcar"]
[Black "Pastor Alonso De Prado, Alberto"]
[Result "0-1"]
[WhiteElo "1926"]
[BlackElo "2190"]
[PlyCount "62"]
[EventDate "2018.01.08"]
[EventType "swiss"]
[EventRounds "9"]
[EventCountry "ESP"]
[SourceTitle "Ajedrez en Madrid"]
[Source "lmi"]
[SourceDate "2018.01.08"]
[SourceVersion "1"]
[SourceVersionDate "2018.01.25"]
[SourceQuality "1"]

1. e4 e5 2. Nf3 Nc6 3. Bb5 d6 4. d4 Bd7 5. Nc3 Nf6 6. O-O Be7 7. Qd3 exd4 8.
Nxd4 O-O 9. Bxc6 bxc6 10. Re1 Re8 11. Bg5 Qb8 12. b3 Ng4 13. Bxe7 Rxe7 14. Qg3
Qb4 15. Nf5 Bxf5 16. exf5 Rae8 17. Rxe7 Rxe7 18. h3 Nf6 19. Qd3 h5 20. Ne2 Qe4
21. Nd4 Qd5 22. c4 Qc5 23. b4 Qb6 24. a4 Re4 25. Rd1 c5 26. bxc5 Qxc5 27. f3
Re8 28. g4 Qe5 29. Kg2 h4 30. f4 Qxf4 31. Nb5 Re3 0-1

[Event "Madrid ch 2017-2018 Veteranos"]
[Site "Madrid ESP"]
[Date "2018.01.10"]
[Round "3.3"]
[White "Nuñez Muñoz, Jesus"]
[Black "Garcia Galeote, Lorenzo"]
[Result "1-0"]
[WhiteElo "2182"]
[BlackElo "1971"]
[PlyCount "105"]
[EventDate "2018.01.08"]
[EventType "swiss"]
[EventRounds "9"]
[EventCountry "ESP"]
[SourceTitle "Ajedrez en Madrid"]
[Source "lmi"]
[SourceDate "2018.01.08"]
[SourceVersion "1"]
[SourceVersionDate "2018.01.25"]
[SourceQuality "1"]

1. e4 Nc6 2. Nf3 d5 3. exd5 Qxd5 4. Nc3 Qa5 5. Bb5 Bd7 6. O-O a6 7. Bc4 e6 8.
a3 Nf6 9. d4 O-O-O 10. h3 Be8 11. Be3 Nd5 12. Nxd5 exd5 13. b4 Qb6 14. Bxd5 Ne7
15. Bb3 Nf5 16. c4 Nxe3 17. fxe3 Qh6 18. Qe2 f6 19. Qf2 Bd7 20. Rfe1 g5 21. c5
Qg7 22. Nd2 h5 23. Bc2 g4 24. h4 Qe7 25. Bf5 Bh6 26. Nf1 Kb8 27. Ng3 Bc6 28. e4
Ba4 29. Ra2 Qf7 30. d5 Rhe8 31. Be6 Rxe6 32. dxe6 Qxe6 33. Nf5 Bf4 34. g3 Be5
35. Rd2 Rd7 36. Qe3 Bc6 37. Red1 Rxd2 38. Rxd2 Qc4 39. Qd3 Qc1+ 40. Rd1 Qb2 41.
Rd2 Qc1+ 42. Rd1 Qb2 43. Qd8+ Ka7 44. Ne7 a5 45. Nxc6+ bxc6 46. Qd3 axb4 47.
axb4 Qxb4 48. Rc1 Qb2 49. Rc2 Qa1+ 50. Kg2 Kb7 51. Qb3+ Kc8 52. Ra2 Qd4 53.
Ra8+ 1-0

[Event "Madrid ch 2017-2018 Veteranos"]
[Site "Madrid ESP"]
[Date "2018.01.10"]
[Round "3.4"]
[White "Viñas Lopez, Carlos"]
[Black "Casares Ripoll, Fernando"]
[Result "1/2-1/2"]
[WhiteElo "1884"]
[BlackElo "2110"]
[PlyCount "139"]
[EventDate "2018.01.08"]
[EventType "swiss"]
[EventRounds "9"]
[EventCountry "ESP"]
[SourceTitle "Ajedrez en Madrid"]
[Source "lmi"]
[SourceDate "2018.01.08"]
[SourceVersion "1"]
[SourceVersionDate "2018.01.25"]
[SourceQuality "1"]

1. d4 f5 2. Bg5 Nf6 3. Bxf6 exf6 4. e3 d5 5. c4 c6 6. Nc3 Be6 7. Qb3 Qb6 8.
Qxb6 axb6 9. cxd5 Bxd5 10. Nxd5 cxd5 11. Bb5+ Nc6 12. Ne2 Bb4+ 13. Nc3 Kd7 14.
Kd2 Kd6 15. a3 Bxc3+ 16. Kxc3 Rhc8 17. Bxc6 bxc6 18. Rac1 c5 19. Kd3 Ra4 20. g3
c4+ 21. Kc3 b5 22. h4 h5 23. Ra1 Rca8 24. Rab1 R8a6 25. Rhc1 Rb6 26. Ra1 b4+
27. axb4 Raxb4 28. Ra2 Ke6 29. Rg1 Kf7 30. Rh1 Kg6 31. Rg1 Kh6 32. Rh1 g5 33.
Rg1 Rb3+ 34. Kc2 f4 35. gxf4 gxf4 36. Rg2 fxe3 37. fxe3 f5 38. Kc1 Rxe3 39. Ra8
Rg6 40. Rxg6+ Kxg6 41. Ra6+ Kg7 42. Rd6 f4 43. Rxd5 Kf6 44. Kd2 Rb3 45. Ke2
Rxb2+ 46. Kf3 c3 47. Rc5 Rb4 48. Kxf4 Rxd4+ 49. Kg3 Rd3+ 50. Kf2 Rh3 51. Kg2
Rd3 52. Kf1 Rd4 53. Rxc3 Rxh4 54. Kg2 Rg4+ 55. Kh2 Kg5 56. Ra3 Kh4 57. Rb3 Re4
58. Kh1 Re1+ 59. Kh2 Re2+ 60. Kh1 Kg4 61. Rb4+ Kg3 62. Rb3+ Kf2 63. Rb1 h4 64.
Ra1 Re3 65. Ra2+ Kg3 66. Ra1 Rf3 67. Rb1 h3 68. Ra1 h2 69. Rb1 Kh3 70. Ra1
1/2-1/2

[Event "Madrid ch 2017-2018 Veteranos"]
[Site "Madrid ESP"]
[Date "2018.01.10"]
[Round "3.5"]
[White "Sanchez Garcia, Aurelio"]
[Black "Martin Martin, Luis Vicente"]
[Result "1/2-1/2"]
[WhiteElo "2091"]
[BlackElo "1946"]
[PlyCount "49"]
[EventDate "2018.01.08"]
[EventType "swiss"]
[EventRounds "9"]
[EventCountry "ESP"]
[SourceTitle "Ajedrez en Madrid"]
[Source "lmi"]
[SourceDate "2018.01.08"]
[SourceVersion "1"]
[SourceVersionDate "2018.01.25"]
[SourceQuality "1"]

1. Nf3 c5 2. e3 g6 3. d4 Bg7 4. d5 e5 5. e4 d6 6. Nc3 Ne7 7. Be2 a6 8. a4 Nd7
9. Nd2 b6 10. O-O O-O 11. Nc4 Qc7 12. f4 f6 13. fxe5 fxe5 14. Rxf8+ Nxf8 15.
Bg4 Bxg4 16. Qxg4 Nc8 17. Bg5 Ra7 18. Rf1 Qd7 19. Ne3 Qxg4 20. Nxg4 Rf7 21. Bd8
Rxf1+ 22. Kxf1 Kf7 23. Ke2 h5 24. Ne3 Bf6 25. Bxf6 1/2-1/2

[Event "Madrid ch 2017-2018 Veteranos"]
[Site "Madrid ESP"]
[Date "2018.01.10"]
[Round "3.6"]
[White "Lopez de Turiso, Jose Angel"]
[Black "Serrano Garcia, Vicente"]
[Result "1-0"]
[WhiteElo "2020"]
[BlackElo "1817"]
[PlyCount "109"]
[EventDate "2018.01.08"]
[EventType "swiss"]
[EventRounds "9"]
[EventCountry "ESP"]
[SourceTitle "Ajedrez en Madrid"]
[Source "lmi"]
[SourceDate "2018.01.08"]
[SourceVersion "1"]
[SourceVersionDate "2018.01.25"]
[SourceQuality "1"]

1. Nf3 Nf6 2. c4 e6 3. Nc3 d5 4. cxd5 exd5 5. d4 Be7 6. Bg5 h6 7. Bh4 O-O 8. e3
Re8 9. Qc2 c6 10. Bd3 Nbd7 11. O-O Ne4 12. Bxe7 Qxe7 13. Rab1 a5 14. a3 Ndf6
15. b4 Nxc3 16. Qxc3 Ne4 17. Qb2 axb4 18. axb4 Be6 19. Rfc1 Rec8 20. b5 c5 21.
dxc5 Rxc5 22. Nd4 Rac8 23. Rxc5 Nxc5 24. Be2 Na4 25. Qd2 Nc3 26. Ra1 Nxe2+ 27.
Qxe2 Qc5 28. h3 Bd7 29. Qb2 Qc4 30. Ra7 Rc7 31. Kh2 b6 32. Ra6 Qc5 33. f4 Rc8
34. Kg3 Qd6 35. Kf3 Qg6 36. g4 h5 37. f5 hxg4+ 38. hxg4 Qd6 39. Kg2 Qe5 40. Kf3
Qd6 41. Qa3 Qh6 42. Kg3 Qf6 43. Ra8 Qe5+ 44. Kh3 Rxa8 45. Qxa8+ Kh7 46. Qa3 Qe4
47. Kg3 Qb1 48. Qe7 Qg1+ 49. Kf3 Qf1+ 50. Kg3 Qg1+ 51. Kf4 Qh2+ 52. Kf3 Qh3+
53. Kf2 Qh2+ 54. Ke1 Qg1+ 55. Kd2 1-0

[Event "Madrid ch 2017-2018 Veteranos"]
[Site "Madrid ESP"]
[Date "2018.01.10"]
[Round "3.8"]
[White "Martinez Carrasco, Jesus"]
[Black "Gonzalez Rivera, Eduardo"]
[Result "0-1"]
[WhiteElo "1568"]
[BlackElo "2014"]
[PlyCount "72"]
[EventDate "2018.01.08"]
[EventType "swiss"]
[EventRounds "9"]
[EventCountry "ESP"]
[SourceTitle "Ajedrez en Madrid"]
[Source "lmi"]
[SourceDate "2018.01.08"]
[SourceVersion "1"]
[SourceVersionDate "2018.01.25"]
[SourceQuality "1"]

1. d4 d5 2. c4 c6 3. e3 Nf6 4. Nc3 Bf5 5. Nf3 e6 6. Be2 Nbd7 7. O-O Bd6 8. Re1
Rc8 9. cxd5 cxd5 10. Bd2 O-O 11. Rc1 a6 12. Bf1 Ne4 13. g3 Bg4 14. Bg2 Qf6 15.
h3 Bxf3 16. Nxe4 dxe4 17. Bxf3 exf3 18. Kh2 e5 19. Bc3 e4 20. Qb3 b5 21. Qd5
Qe6 22. Qg5 h6 23. Qh4 g5 24. Qh5 Nf6 25. d5 Nxh5 26. dxe6 fxe6 27. Rcd1 b4 28.
Rxd6 bxc3 29. bxc3 Rxc3 30. Rxa6 Rc2 31. Kg1 Kf7 32. a4 Nxg3 33. Ra7+ Kf6 34.
a5 Rd8 35. Kh2 Nf5 36. Rf1 Nxe3 0-1

[Event "Madrid ch 2017-2018 Veteranos"]
[Site "Madrid ESP"]
[Date "2018.01.10"]
[Round "3.9"]
[White "De Luna Butz, Alberto"]
[Black "Camarero Izquierdo, Juan Carlos"]
[Result "0-1"]
[WhiteElo "1810"]
[BlackElo "1868"]
[PlyCount "52"]
[EventDate "2018.01.08"]
[EventType "swiss"]
[EventRounds "9"]
[EventCountry "ESP"]
[SourceTitle "Ajedrez en Madrid"]
[Source "lmi"]
[SourceDate "2018.01.08"]
[SourceVersion "1"]
[SourceVersionDate "2018.01.25"]
[SourceQuality "1"]

1. Nf3 d5 2. c4 e6 3. g3 c6 4. b3 f5 5. Bg2 Nf6 6. d3 Bd6 7. O-O O-O 8. Nc3
Nbd7 9. Qc2 Qe8 10. Nd4 Ng4 11. h3 Ngf6 12. a4 Nh5 13. cxd5 exd5 14. Ba3 Bxa3
15. Rxa3 Nxg3 16. fxg3 Qe3+ 17. Kh2 Qxd4 18. Rf4 Qc5 19. Qb2 Qd6 20. b4 Ne5 21.
a5 Ng6 22. Rf3 f4 23. gxf4 Nxf4 24. Kh1 Nxg2 25. Rxf8+ Qxf8 26. Kxg2 Qf5 0-1

[Event "Madrid ch 2017-2018 Veteranos"]
[Site "Madrid ESP"]
[Date "2018.01.10"]
[Round "3.10"]
[White "De la Orden Alcocer, Alejandro"]
[Black "Martinez Martinez, Javier II"]
[Result "1-0"]
[WhiteElo "2042"]
[BlackElo "1644"]
[PlyCount "65"]
[EventDate "2018.01.08"]
[EventType "swiss"]
[EventRounds "9"]
[EventCountry "ESP"]
[SourceTitle "Ajedrez en Madrid"]
[Source "lmi"]
[SourceDate "2018.01.08"]
[SourceVersion "1"]
[SourceVersionDate "2018.01.25"]
[SourceQuality "1"]

1. Nf3 g6 2. c4 Bg7 3. g3 b6 4. Bg2 Bb7 5. Nc3 Nf6 6. d4 O-O 7. O-O d5 8. Ne5
c6 9. b3 Nbd7 10. f4 e6 11. Ba3 Re8 12. e3 Bf8 13. Bxf8 Rxf8 14. g4 Nxe5 15.
dxe5 Ne8 16. Rf2 Qe7 17. cxd5 exd5 18. Qd2 Ng7 19. e4 d4 20. Qxd4 Rfd8 21. Qe3
Ba6 22. Bf1 Bxf1 23. Raxf1 Rd7 24. Qg3 Rad8 25. Rf3 Rd2 26. f5 Qc5+ 27. Kh1 g5
28. e6 f6 29. e5 Qxe5 30. Qxe5 fxe5 31. Ne4 Rxa2 32. e7 Rd4 33. f6 1-0